[Event "3rd HoliCup Lake City 2019"]
[Site "Udaipur"]
[Date "2019.03.29"]
[Round "3.12"]
[White "Mokashi, Rohit"]
[Black "Ashutosh, Kumar"]
[Result "1-0"]
[WhiteElo "1615"]
[BlackElo "1952"]
[Annotator "NA RC"]
[PlyCount "143"]
[EventDate "2019.??.??"]
[EventCountry "IND"]
[SourceTitle "playchess.com"]
[Source "ChessBase"]
[SourceQuality "1"]
[TimeControl "5400+30"]

{[%evp 8,143,41,34,52,48,73,76,77,-25,-17,-18,-25,-94,-71,-111,-34,-117,-116,-114,-56,-52,-9,-48,20,0,14,3,5,0,31,18,20,20,23,20,20,26,23,20,117,-41,163,56,57,63,60,68,63,58,68,61,47,8,75,47,78,93,83,83,87,29,58,0,56,0,6,0,0,0,43,58,184,143,154,226,200,212,247,88,91,41,100,57,119,56,172,139,116,86,104,0,189,0,170,215,197,144,173,200,239,249,186,214,377,397,640,676,564,652,795,578,923,1150,858,437,29967,29975,29980,29971,29954,29969,6115,29969,29973,0,29976,5182,2492,29971,29975,10006,29939,6316,29974,29983,29980,29986]} 1. d4 {[%emt 0:08:42]} Nf6 {[%emt 0:00:11]} 2. Nf3 {[%emt 0:00:05]} c5 {[%emt 0:00:38]} 3. d5 {[%emt 0:00:47]} e6 {[%emt 0:01:30]} 4. c4 {[%emt 0:00:36]} b5 {[%emt 0:01:13]} 5. Bg5 {[%emt 0:12:27]} exd5 {[%emt 0:03:04]} 6. cxd5 {[%emt 0:00:17]} d6 {[%emt 0:05:30]} 7. e4 {[%emt 0:01:50] E10: Blumenfeld Gambit} (7. e3 a6 8. a4 b4 9. Nbd2 Be7 10. Nc4 Bb7 11. Bxf6 Bxf6 12. a5 O-O 13. Bd3 Qe7 14. O-O Nd7 {0-1 (38) Delchev,A (2629)-Mamedyarov,S (2733) Porto Carras 2011}) 7... a6 {[%emt 0:02:53]} 8. h3 $146 {[%emt 0:04:12]} ({Predecessor:} 8. a4 $16 Be7 9. Bxf6 Bxf6 10. axb5 Bxb2 11. Ra2 Bf6 12. bxa6 Qb6 13. Nbd2 O-O 14. Bc4 Bxa6 15. O-O Nd7 16. Qc2 Bxc4 17. Nxc4 {½-½ (54) Illescas Cordoba,M (2618)-Tikkanen,H (2559) Tromsoe 2014}) 8... Be7 {[%emt 0:01:13]} 9. Bxf6 {[%emt 0:14:57]} Bxf6 {[%emt 0:00:42]} 10. Qc2 {[%emt 0:00:07]} (10. a4 $1 $11 {keeps the balance.}) 10... O-O {[%emt 0:05:02]} 11. Nbd2 {[%emt 0:00:38]} Re8 {[%emt 0:01:39]} (11... c4 $17 12. Rc1 Nd7) 12. Be2 {[%emt 0:00:30]} ({Better is} 12. a4 $15) 12... Nd7 {[%emt 0:00:20]} 13. a4 {[%emt 0:03:47]} bxa4 {[%emt 0:00:56]} 14. Rxa4 {[%emt 0:03:01]} Rb8 {[%emt 0:04:09]} 15. Ra2 {[%emt 0:02:06]} Bb7 {[%emt 0:01:50]} 16. Nc4 {[%emt 0:00:44]} Nb6 {[%emt 0:01:34]} 17. O-O {[%emt 0:00:46]} Nxc4 {[%emt 0:00:37]} 18. Bxc4 {[%emt 0:00:11]} Qe7 {[%emt 0:04:53]} 19. Re1 {[%emt 0:01:33]} Bc8 {[%emt 0:03:02]} 20. b3 {[%emt 0:05:04]} Rb6 {[%emt 0:01:01]} 21. Ra4 {[%emt 0:02:11]} g6 {[%emt 0:00:22]} 22. Re2 {[%emt 0:03:19]} Bg7 {[%emt 0:06:41]} 23. Qd3 {[%emt 0:06:35]} f5 {[%emt 0:07:18]} (23... Qc7 $11) 24. Bxa6 $2 {[%emt 0:04:01]} (24. e5 $1 $16) 24... fxe4 $2 {[%emt 0:01:42]} (24... Bd7 $15 {keeps the upper hand.} 25. Raa2 fxe4) 25. Raxe4 {[%emt 0:02:27]} ({White has to play} 25. Rexe4 $18 Qd7 26. Rxe8+ Qxe8 27. Bxc8 Qxc8 28. Qe3) 25... Bxa6 {[%emt 0:03:01]} 26. Rxe7 {[%emt 0:00:15]} Rxe7 {[%emt 0:00:38]} 27. Qxa6 $1 {[%emt 0:01:18]} Rxa6 {[%emt 0:00:56]} 28. Rxe7 {[%emt 0:00:05]} Ra1+ {[%emt 0:00:14]} 29. Re1 $1 {[%emt 0:02:44]} Ra3 {[%emt 0:01:36]} 30. Rb1 {[%emt 0:01:19]} ({Better is} 30. Re8+ $16 Kf7 31. Re6) 30... Bc3 {[%emt 0:01:24]} (30... Bh6 $11 {keeps the balance.}) 31. Ng5 {[%emt 0:01:43]} Ra2 {[%emt 0:02:33]} 32. Ne4 {[%emt 0:01:22]} Be5 {[%emt 0:00:36]} 33. Kf1 {[%emt 0:00:48]} h6 $1 $11 {[%emt 0:01:17]} 34. Ke1 {[%emt 0:07:09]} (34. h4 $16) 34... Kg7 {[%emt 0:00:38]} 35. Kf1 {[%emt 0:04:21]} ({White should play} 35. g3 $14) 35... g5 {[%emt 0:01:42]} 36. g4 {[%emt 0:00:35]} Kf7 {[%emt 0:02:03]} 37. Re1 {[%emt 0:01:06]} Bf4 {[%emt 0:00:37]} 38. Rb1 {[%emt 0:01:02]} Ke7 {[%emt 0:01:08]} 39. b4 {[%emt 0:02:00]} c4 {[%emt 0:04:24]} (39... cxb4 $1 $14 40. Rxb4 Ra7) 40. b5 {[%emt 0:00:42]} Kd8 {[%emt 0:01:23]} 41. b6 {[%emt 0:00:13]} Ra8 {[%emt 0:02:54]} 42. Rb4 {[%emt 0:00:43]} Rb8 {[%emt 0:00:20]} 43. Rxc4 $2 {[%emt 0:00:52]} (43. Ke2 $18 {has better winning chances.}) 43... Rxb6 {[%emt 0:00:09]} 44. Rd4 {[%emt 0:01:36]} Rb2 {[%emt 0:04:03]} (44... Be5 $14 45. Ra4 Rb7) 45. Rd3 {[%emt 0:00:35]} Be5 {[%emt 0:00:22] [#]} (45... Ke7 $14) 46. Kg2 {[%emt 0:00:13]} ({Better is} 46. Ng3 $1 $16) 46... Rb4 {[%emt 0:00:27] [#]} (46... Ke7 $14) 47. Ng3 $1 {[%emt 0:00:10]} Rf4 {[%emt 0:01:30]} (47... Ke7 $18 48. Nf5+ Kf6) 48. Ne2 {[%emt 0:00:57]} Rc4 $1 $11 {[%emt 0:00:40]} 49. Ng3 {[%emt 0:00:11]} ({White should play} 49. Rf3 $16) 49... Rf4 $1 {[%emt 0:04:08] [#]} 50. Ne2 $2 {[%emt 0:00:09]} ({White should play} 50. Rf3 $1 $18) 50... Rf6 $2 {[%emt 0:01:33]} 51. Rf3 {[%emt 0:00:56]} Rg6 {[%emt 0:01:29]} 52. Rf5 {[%emt 0:00:36]} Kc7 {[%emt 0:00:59]} 53. f4 {[%emt 0:00:47]} Bf6 {[%emt 0:01:05]} 54. fxg5 {[%emt 0:00:22]} hxg5 {[%emt 0:00:05]} 55. Ng3 {[%emt 0:00:21]} Be5 {[%emt 0:02:33]} (55... Kd7 {might work better.} 56. Ne4 Be7) 56. Ne4 {[%emt 0:00:48]} Bf4 {[%emt 0:00:04] [#]} (56... Kb6 $142 57. Kf3 Rh6 58. Nxg5 Rh8) 57. h4 $1 {[%emt 0:00:35]} Bc1 {[%emt 0:00:34]} 58. Nxg5 {[%emt 0:00:22]} Kb6 {[%emt 0:00:31]} 59. Kf3 {[%emt 0:00:13]} Kc5 {[%emt 0:00:23]} 60. Ne4+ {[%emt 0:00:49]} Kd4 {[%emt 0:00:44]} 61. Rf6 {[%emt 0:00:21]} (61. g5 $142 Rg8 62. Nxd6) 61... Rxf6+ {[%emt 0:04:54]} (61... Rg8 $18 62. Rxd6 Rh8) 62. Nxf6 {[%emt 0:00:06]} Ke5 {[%emt 0:00:17]} 63. g5 {[%emt 0:00:44]} Kf5 {[%emt 0:00:06]} 64. Ne8 {[%emt 0:00:58]} Ba3 {[%emt 0:00:32]} 65. Kg3 {[%emt 0:00:29]} Bb4 {[%emt 0:00:36]} 66. Kf3 $2 {[%emt 0:00:16]} (66. Ng7+ {mates} Kg6 67. Ne6 Be1+ 68. Kg4 Kf7 69. h5 Kg8 70. Kf5 Bd2 71. g6) 66... Ba3 $1 {[%emt 0:00:42]} 67. Ke3 {[%emt 0:00:21]} Bc5+ {[%emt 0:00:15]} 68. Kd3 {[%emt 0:00:19]} Ba3 {[%emt 0:02:37]} 69. Kc4 $18 {[%emt 0:00:35]} (69. Ng7+ $142 Kg6 70. Ne6 Kf5 71. Nd4+ Kg6 72. Ne6 Bc1 73. Ke4 Ba3 74. Nf4+ Kf7 75. Nd3) 69... Bc5 {[%emt 0:00:22]} 70. Kb5 {[%emt 0:00:18]} Bf2 {[%emt 0:00:56]} 71. Nxd6+ {[%emt 0:00:16]} Ke5 {[%emt 0:00:08]} 72. g6 {[%emt 0:00:38] Ke4} 1-0

[Event "3rd HoliCup Lake City 2019"]
[Site "Udaipur"]
[Date "2019.03.29"]
[Round "3.13"]
[White "Shubham, Shukla"]
[Black "Pingale, Shivraj"]
[Result "0-1"]
[WhiteElo "1948"]
[BlackElo "1600"]
[Annotator "NA RC"]
[PlyCount "114"]
[EventDate "2019.??.??"]
[EventCountry "IND"]
[SourceTitle "playchess.com"]
[Source "ChessBase"]
[SourceQuality "1"]
[TimeControl "5400+30"]

{[%evp 8,114,1,-17,0,-27,23,27,36,25,84,76,116,50,60,76,39,80,74,69,87,52,97,94,97,91,102,71,101,11,19,36,40,24,41,11,32767,32767,32767,32767,32767,32767,79,63,179,35,37,36,55,29,29,0,83,50,77,47,185,80,133,154,153,83,178,169,174,140,184,156,699,154,246,141,305,113,0,-262,-263,-269,-311,-311,-334,-436,-509,-468,-459,-360,-354,-431,-405,-487,-499,-659,-675,-841,-1125,-1040,-1589,-1776,0,-1881,0,-1021,0,-1212,-1572,-1988,-5197,-29997,-29993]} 1. e4 {[%emt 0:00:00]} e6 {[%emt 0:00:00]} 2. d4 {[%emt 0:00:00]} d5 {[%emt 0:00:00]} 3. Nc3 {[%emt 0:00:26]} Bb4 {[%emt 0:00:00]} 4. e5 {[%emt 0:00:27]} c5 {[%emt 0:00:00]} 5. f4 {[%emt 0:01:22]} (5. a3 Ba5 6. dxc5 Bxc3+ 7. bxc3 Qc7 8. Be3 Qxe5 9. Qd4 Nc6 10. Bb5 Qxd4 11. Bxc6+ bxc6 12. cxd4 Ne7 13. Nf3 Ng6 14. h4 h5 {½-½ (29) Aronian,L (2765)-Vitiugov,N (2719) St Petersburg 2018}) 5... Nc6 {[%emt 0:03:02]} 6. Nf3 {[%emt 0:00:23] C17: French: 3 Nc3 Bb4 4 e5 c5 sidelines} Bxc3+ {[%emt 0:01:48]} 7. bxc3 {[%emt 0:00:06]} Qa5 $146 {[%emt 0:00:09]} ({Predecessor:} 7... Nge7 8. Bd3 Bd7 9. O-O c4 10. Be2 h5 11. Be3 Nf5 12. Bf2 Qe7 {0-1 (30) Shimamura Silva,F (1418)-Stadler Pezzini,L (1743) Florianopolis 2017}) 8. Bd2 {[%emt 0:00:59]} Qa4 {[%emt 0:00:42]} (8... c4 $11) 9. dxc5 {[%emt 0:01:24]} Qa5 {[%emt 0:03:32] [#]} 10. c4 {[%emt 0:01:32]} (10. Nd4 $1 $16) 10... Qxc5 {[%emt 0:00:46]} 11. cxd5 {[%emt 0:00:06]} exd5 {[%emt 0:02:10]} 12. Rb1 {[%emt 0:00:16]} a6 {[%emt 0:01:07]} 13. Bd3 {[%emt 0:00:14]} Nge7 {[%emt 0:02:21]} 14. Qe2 {[%emt 0:00:18]} Rb8 {[%emt 0:03:45]} 15. Be3 {[%emt 0:01:22]} d4 {[%emt 0:08:50]} 16. Bd2 {[%emt 0:00:18]} Bf5 {[%emt 0:03:37]} 17. O-O {[%emt 0:00:30]} O-O {[%emt 0:00:41]} 18. Nh4 {[%emt 0:00:15]} (18. Ng5 $16) 18... Bxd3 {[%emt 0:01:13]} 19. cxd3 {[%emt 0:00:02]} f6 {[%emt 0:04:32]} 20. exf6 {[%emt 0:04:49]} Rxf6 {[%emt 0:00:04]} 21. f5 {[%emt 0:00:24]} b5 {[%emt 0:02:02]} 22. Bg5 {[%emt 0:00:19]} Rf7 {[%emt 0:00:53]} 23. Rbc1 {[%emt 0:01:42]} Qd5 {[%emt 0:03:39]} 24. g4 {[%emt 0:00:32]} Rbf8 {[%emt 0:03:04]} 25. Ng2 {[%emt 0:00:43]} Qd6 {[%emt 0:08:16] [#]} (25... h6 $16 26. Bh4 g5) 26. Bh4 {[%emt 0:04:02]} (26. Nf4 $1 $18) 26... Nd5 {[%emt 0:02:10]} 27. Bg3 {[%emt 0:06:27]} Qd7 {[%emt 0:03:28]} 28. Rc5 {[%emt 0:00:35]} Nce7 {[%emt 0:02:13]} 29. Re1 {[%emt 0:04:29]} Rc8 {[%emt 0:04:07]} (29... h5 $11) 30. Rxc8+ {[%emt 0:01:34]} Qxc8 {[%emt 0:01:49]} 31. Qe4 {[%emt 0:00:40]} Qc5 {[%emt 0:04:01] [#]} (31... g6 $16 {was called for.}) 32. Bf2 {[%emt 0:02:05]} (32. Nf4 $1 $18 {is more deadly.}) 32... Nc6 {[%emt 0:01:54]} (32... h5 $142) 33. Qe8+ {[%emt 0:00:48]} Rf8 {[%emt 0:00:05] [#]} 34. Qd7 {[%emt 0:01:13]} (34. Qe6+ $142 $1 Kh8 35. Bg3) 34... Nf6 {[%emt 0:04:07]} (34... Nd8 $16 {might work better.}) 35. Qe6+ {[%emt 0:01:09]} Kh8 {[%emt 0:00:16]} 36. h3 {[%emt 0:00:18]} h6 {[%emt 0:01:56]} 37. Nf4 {[%emt 0:00:08]} Rd8 $2 {[%emt 0:03:20]} (37... Kh7) 38. Qf7 $2 {[%emt 0:00:42]} (38. Ng6+ $18 {is more deadly.} Kh7 39. Qf7) 38... Rg8 {[%emt 0:05:38]} (38... Ne5 {was worth a try.} 39. Ne6 Nxf7 40. Nxc5 Kg8) 39. Kg2 {[%emt 0:07:05]} ({Weaker is} 39. Ng6+ Kh7 $16) (39. Bh4 $18 {and the rest is easy.} Qc3 40. Ng2 (40. Ng6+ Kh7 $16)) 39... Kh7 $2 {[%emt 0:01:06]} (39... Nd8 $16 40. Qe7 Qc6+ 41. Kg3 Re8) 40. Qg6+ $2 {[%emt 0:06:56]} ({Weaker is} 40. Ne6 Qd5+ 41. Kg3 Qd6+ 42. Nf4 Rf8 $14) (40. Re6 $18 {is more deadly.} Ne5 41. Qe7 Qxe7 42. Rxe7) 40... Kh8 {[%emt 0:00:08]} 41. g5 $2 {[%emt 0:05:48]} (41. Kf1 $11) 41... Ne5 {[%emt 0:01:40]} 42. Rxe5 {[%emt 0:01:45]} Qxe5 {[%emt 0:00:29]} 43. Kf3 {[%emt 0:05:26]} Nd5 {[%emt 0:02:37]} 44. Bg3 {[%emt 0:07:43]} Qe3+ {[%emt 0:00:47]} 45. Kg4 {[%emt 0:00:09]} Nxf4 {[%emt 0:03:35]} 46. Bxf4 {[%emt 0:02:43]} Qe2+ {[%emt 0:00:50]} 47. Kh4 {[%emt 0:02:06]} Qf3 {[%emt 0:00:50]} 48. Qd6 {[%emt 0:00:25]} Qxd3 {[%emt 0:02:58]} 49. Qe5 {[%emt 0:08:47]} hxg5+ {[%emt 0:02:25]} 50. Bxg5 {[%emt 0:00:20]} Qf3 {[%emt 0:01:44]} 51. f6 {[%emt 0:09:48]} Qf2+ {[%emt 0:00:14]} 52. Kh5 {[%emt 0:01:20]} Qf3+ {[%emt 0:00:08]} 53. Kh4 {[%emt 0:00:37]} Qf2+ {[%emt 0:00:20]} 54. Kh5 {[%emt 0:02:16]} Qf3+ $2 {[%emt 0:00:06]} (54... Kh7 $19 55. fxg7 Qf3+ {[%mdl 64] Double Attack} 56. Kh4 d3) 55. Kh4 {[%emt 0:00:40]} gxf6 {[%emt 0:02:34]} 56. Bxf6+ {[%emt 0:00:06]} Kh7 {[%emt 0:00:04]} 57. Qe6 {[%emt 0:03:59]} Qf4+ {[%emt 0:00:15]} 0-1

[Event "3rd HoliCup Lake City 2019"]
[Site "Udaipur"]
[Date "2019.03.29"]
[Round "3.14"]
[White "Bhagyashree, Patil"]
[Black "Arun, Rathi"]
[Result "0-1"]
[WhiteElo "1609"]
[BlackElo "1939"]
[Annotator "NA RC"]
[PlyCount "62"]
[EventDate "2019.??.??"]
[EventCountry "IND"]
[SourceTitle "playchess.com"]
[Source "ChessBase"]
[SourceQuality "1"]
[TimeControl "5400+30"]

{[%evp 8,62,42,39,30,37,52,40,39,29,42,29,102,59,85,39,39,20,32,26,30,-15,-17,-24,-9,-19,-11,-23,18,32767,32767,32767,32767,0,0,-10,15,-82,-59,-65,-72,-77,-67,-142,-140,-141,-133,-370,-362,-359,-346,-391,-394,-625,-483,-5510,-29981]} 1. e4 {[%emt 0:00:00]} g6 {[%emt 0:00:00]} 2. d4 {[%emt 0:00:00]} Bg7 {[%emt 0:00:03]} 3. Nf3 {[%emt 0:01:16]} d6 {[%emt 0:00:10]} 4. Bd3 {[%emt 0:06:59]} Nf6 {[%emt 0:01:37]} 5. O-O {[%emt 0:01:25]} O-O {[%emt 0:00:11]} 6. h3 {[%emt 0:01:52]} c6 {[%emt 0:04:43]} 7. c4 {[%emt 0:04:21]} Nbd7 {[%emt 0:00:25]} 8. Nc3 {[%emt 0:00:50]} e5 {[%emt 0:00:15]} 9. d5 {[%emt 0:03:24]} c5 {[%emt 0:04:45]} (9... cxd5 $14 10. cxd5 (10. exd5 b5 $11) 10... Nc5) 10. Ne2 {[%emt 0:03:11] E90: King's Indian: Classical: Early deviations and 6 h3} (10. Rb1 h6 11. Re1 Nh7 12. Qc2 Kh8 13. Bd2 b6 14. b4 cxb4 15. Nb5 Nc5 16. Bxb4 f5 17. Rbd1 f4 {0-1 (68) Le,Q (2739)-Aronian,L (2799) Saint Louis 2017}) 10... Nh5 $146 {[%emt 0:05:35]} ({Predecessor:} 10... Qe7 11. g4 b5 12. cxb5 a6 13. Ng3 Nb6 14. bxa6 Qa7 15. Be3 Bxa6 16. Bxa6 Qxa6 17. b3 Rfb8 {½-½ (58) Haug,J (2401)-Ivanisevic,I (2570) Porto Mannu 2018}) 11. g4 {[%emt 0:08:48]} Qf6 {[%emt 0:01:49]} 12. Kg2 {[%emt 0:13:33]} Nf4+ {[%emt 0:01:09]} 13. Nxf4 {[%emt 0:04:17]} exf4 {[%emt 0:00:09]} 14. Qd2 {[%emt 0:03:01]} g5 {[%emt 0:02:30]} 15. Rb1 {[%emt 0:02:20]} Re8 {[%emt 0:08:05]} (15... h5 $5) 16. b3 {[%emt 0:03:03]} Qe7 {[%emt 0:02:54]} 17. Bb2 {[%emt 0:01:22]} Be5 {[%emt 0:00:48]} 18. Bxe5 {[%emt 0:04:55]} Nxe5 {[%emt 0:00:07]} 19. Nxe5 {[%emt 0:00:05]} Qxe5 {[%emt 0:00:09]} 20. f3 {[%emt 0:01:32]} Bd7 {[%emt 0:01:36]} 21. a3 {[%emt 0:00:56]} a5 {[%emt 0:01:26]} 22. a4 {[%emt 0:00:36]} (22. Qb2 $11 {keeps the balance.}) 22... Kg7 {[%emt 0:00:31]} 23. Qb2 {[%emt 0:01:05]} Kf6 {[%emt 0:03:39]} 24. Qf2 {[%emt 0:02:38]} h5 {[%emt 0:01:01]} 25. Rh1 {[%emt 0:04:57]} ({Of course not} 25. gxh5 Rh8 $17) ({White should try} 25. Rg1 $15) 25... Rh8 {[%emt 0:00:24]} 26. Rbg1 {[%emt 0:00:18]} Rh6 {[%emt 0:05:50]} 27. h4 $2 {[%emt 0:06:32]} (27. Qe1 $17 {keeps fighting.}) 27... hxg4 {[%emt 0:03:15]} 28. hxg5+ {[%emt 0:00:41]} Qxg5 {[%emt 0:00:13]} 29. Rxh6+ {[%emt 0:00:44]} Qxh6 {[%emt 0:00:02]} 30. fxg4 $2 {[%emt 0:03:32]} (30. Rh1 gxf3+ 31. Qxf3 Rg8+ 32. Kf1) 30... Rg8 {[%emt 0:01:41]} 31. Kf3 {[%emt 0:03:20] [#]} (31. Kf1 $142 Qh3+ 32. Ke2 Rxg4 33. Rxg4 Bxg4+ 34. Kd2) 31... Bxg4+ {[%emt 0:01:36] Rh1 [%clk 0:13:52]} 0-1

[Event "3rd HoliCup Lake City 2019"]
[Site "Udaipur"]
[Date "2019.03.29"]
[Round "3.15"]
[White "Kadam, Om Manish"]
[Black "Bhat, Sanjay"]
[Result "0-1"]
[WhiteElo "1920"]
[BlackElo "1592"]
[Annotator "NA RC"]
[PlyCount "70"]
[EventDate "2019.??.??"]
[EventCountry "IND"]
[SourceTitle "playchess.com"]
[Source "ChessBase"]
[SourceQuality "1"]
[TimeControl "5400+30"]

{[%evp 17,70,21,27,0,62,10,25,5,16,37,15,15,74,70,66,46,55,58,50,66,50,33,58,55,175,187,233,202,201,270,349,211,239,212,223,233,245,245,313,326,327,272,291,252,248,247,377,227,314,-639,-628,-640,-726,-987,-1044]} 1. e4 {[%emt 0:00:00]} e5 {[%emt 0:00:00]} 2. Nf3 {[%emt 0:00:15]} Nc6 {[%emt 0:00:00]} 3. Bb5 {[%emt 0:00:07]} g6 {[%emt 0:00:00]} 4. c3 {[%emt 0:00:04]} a6 {[%emt 0:00:00]} 5. Ba4 {[%emt 0:00:05]} Bg7 {[%emt 0:00:04]} 6. d4 {[%emt 0:00:04] C70: Ruy Lopez: 3...a6 4 Ba4, Norwegian and Delayed Schliemann} exd4 {[%emt 0:00:04]} 7. cxd4 {[%emt 0:00:06]} b5 {[%emt 0:00:04]} 8. Bc2 {[%emt 0:00:08]} Nge7 {[%emt 0:00:04]} (8... d6 9. h3 Nf6 10. O-O O-O 11. Nc3 Bb7 12. Re1 Re8 13. Bg5 {0-1 (64) Sevian,S (2647)-Dreev,A (2670) chess.com INT 2019}) 9. O-O {[%emt 0:02:05]} O-O {[%emt 0:00:05]} 10. h3 {[%emt 0:01:59]} d6 {[%emt 0:05:25]} 11. a4 {[%emt 0:00:52]} b4 {[%emt 0:01:31]} 12. Be3 $146 {[%emt 0:00:33]} ({Predecessor:} 12. d5 Na5 13. Nbd2 {0-1 (40) Boel,M (2219)-Cherniaev,A (2439) London 2016}) 12... Na5 {[%emt 0:24:02]} 13. Nbd2 {[%emt 0:04:52]} Bb7 {[%emt 0:02:46]} 14. Rc1 {[%emt 0:01:52]} h6 {[%emt 0:05:11]} 15. Re1 {[%emt 0:02:25]} Qd7 {[%emt 0:04:29]} 16. Nf1 {[%emt 0:04:01]} Nc4 {[%emt 0:00:27]} 17. Qd3 {[%emt 0:02:02]} Nxe3 {[%emt 0:01:48]} ({Avoid the trap} 17... Nxb2 $2 18. Qb3 $18 {[%mdl 64] Double Attack, Trapped Piece}) 18. Nxe3 {[%emt 0:00:05]} a5 {[%emt 0:05:39]} 19. b3 {[%emt 0:02:16]} Ba6 {[%emt 0:03:41]} 20. Qd2 {[%emt 0:00:12]} c5 {[%emt 0:02:28]} (20... Bb7 $14) 21. dxc5 {[%emt 0:11:18]} Bc3 {[%emt 0:00:22]} (21... Rad8 {was called for.}) 22. Qxd6 {[%emt 0:00:09]} Qa7 {[%emt 0:00:54]} 23. Ng4 {[%emt 0:03:16]} Kg7 {[%emt 0:04:18]} 24. Re3 {[%emt 0:20:21]} Rad8 {[%emt 0:00:45]} 25. Qf4 {[%emt 0:00:11]} Ng8 {[%emt 0:01:44]} 26. Rxc3 {[%emt 0:00:17]} bxc3 {[%emt 0:00:13]} 27. Qe5+ {[%emt 0:00:08]} f6 {[%emt 0:01:44]} 28. Qxc3 {[%emt 0:00:23]} Bc8 {[%emt 0:00:24]} 29. Ne3 {[%emt 0:00:18]} Ne7 {[%emt 0:00:19]} 30. Nd4 {[%emt 0:01:29]} Qc7 {[%emt 0:00:36]} 31. Nb5 {[%emt 0:05:18]} Qf4 {[%emt 0:00:02]} (31... Qe5 {was worth a try.} 32. Qxa5 Qxc5) 32. Nd6 {[%emt 0:00:22]} Nc6 {[%emt 0:00:17]} 33. Nd5 $4 {[%emt 0:00:33]} (33. Bd3 $18) 33... Qxc1+ {[%emt 0:00:10]} 34. Kh2 {[%emt 0:00:11]} Be6 {[%emt 0:05:28]} 35. Nb7 {[%emt 0:19:03]} Rxd5 $19 {[%emt 0:08:58] Kg1 [%clk 0:20:58]} 0-1